Budú mzdy pôsobiť inflačne, alebo stabilizačne?

V období, keď prevažná časť podnikov je v štátnom vlastníctve, patrí mzdová politika k významným protiinflačným nástrojom vlády. Charakteristika vývoja miezd v r. 1991. Stabilizačná úloha tohto vývinu až do 3. štvrťroka 1991. Nemožnosť tolerovania pokračovania mimoriadneho rastu miezd zo 4. štvrťrok...

Descrizione completa

Salvato in:
Dettagli Bibliografici
Autore principale: Šujan, I.
Natura: Capitolo di libro
Lingua:slovacco
Soggetti:
Tags: Aggiungi Tag
Nessun Tag, puoi essere il primo ad aggiungerne!!

MARC

LEADER 00000naa a2200000 4500
001 r006946
005 20220831090124.5
041 0 |a slo 
044 |a [CS] 
245 1 0 |a Budú mzdy pôsobiť inflačne, alebo stabilizačne?  |c I. Šujan 
520 |a V období, keď prevažná časť podnikov je v štátnom vlastníctve, patrí mzdová politika k významným protiinflačným nástrojom vlády. Charakteristika vývoja miezd v r. 1991. Stabilizačná úloha tohto vývinu až do 3. štvrťroka 1991. Nemožnosť tolerovania pokračovania mimoriadneho rastu miezd zo 4. štvrťroka 1991. Predpoklady neinflačného rastu miezd v r. 1992. Nesprávnosť názoru, že rýchlejší rast miezd by mohol prostredníctvom rastu dopytu oživiť rast výroby. 
610 2 0 |a politika mzdová 
610 2 0 |a inflácia 
610 2 0 |a ČSFR 
100 1 |a Šujan, I.